000 00533nam a22001577a 4500
003 SISC
005 20160726103942.0
008 160726b xxu||||| |||| 00| 0 eng d
020 _a9789712731426
050 _aDS 675.L8
_b.H498 2015
245 _aHeneral Luna :
_bthe history behind the movie /
_can interview with Dr. Vivencio R. Jose.
260 _aMandaluyong City :
_bAnvil Publishing City,
_c2015.
300 _a94 pages :
_billustrations ;
_c18 cm.
500 _aIncludes bibliographical references and index.
942 _2lcc
_cBK
999 _c298051
_d298051